header

Anna Freud (Record no. 43702)

MARC details
000 -LEADER
fixed length control field 01301nam a2200325Ia 4500
100 1# - MAIN ENTRY--AUTHOR NAME
Personal name Young-Bruehl, Elisabeth.
245 10 - TITLE STATEMENT
Title Anna Freud
250 ## - EDITION STATEMENT
Edition statement 2nd ed.
260 ## - PUBLICATION, DISTRIBUTION, ETC. (IMPRINT)
Place of publication New Haven, CT. ;
-- London :
Name of publisher Yale University Press,
Year of publication 2008.
300 ## - PHYSICAL DESCRIPTION
Number of Pages xiv, 545 p., [16] p. of plates :
Other physical details ill.
650 #0 - SUBJECT ADDED ENTRY--TOPICAL TERM
Topical Term Women psychoanalysts
Topical Term Psychoanalysts
Topical Term Child psychotherapists
Topical Term Child analysis
856 40 - ELECTRONIC LOCATION AND ACCESS
Uniform Resource Identifier http://site.ebrary.com/lib/rucke/Doc?id=10348467

No items available.

© 2026 Rongo University
Contact us: librarian | system librarian | Rongo university